Refugees and development in Africa : the case of Eritrea /

Bibliographic Details
Main Author: Kibreab, Gaim
Format: Book
Language:English
Published: Trenton, N.J. : Red Sea Press, [1987]
Subjects:

MARC

Tag First Indicator Second Indicator Subfields
LEADER 00000cam a2200000 a 4500
001 in00000026975
005 20151007055836.0
008 861202s1987 njua b 00010 eng
010 |a  86063776  
020 |a 093241527X (pbk.) 
020 |a 0932415261 (hard) 
035 |a (OCoLC)17470098 
035 |9 AAB9409AM 
040 |a DLC  |c DLC  |d TXA  |d UtOrBLW 
043 |a f-et---  |a f-sj--- 
049 |a TXAM  |c [A11646125] 
050 0 0 |a JV9025.S73  |b K53 1987 
082 0 |a 325/.21/09624  |2 19 
100 1 |a Kibreab, Gaim. 
245 1 0 |a Refugees and development in Africa :  |b the case of Eritrea /  |c Gaim Kibreab. 
264 1 |a Trenton, N.J. :  |b Red Sea Press,  |c [1987] 
300 |a xii, 304 pages :  |b illustrations ;  |c 22 cm. 
336 |a text  |b txt  |2 rdacontent 
337 |a unmediated  |b n  |2 rdamedia 
338 |a volume  |b nc  |2 rdacarrier 
500 |a Revision of the author's thesis (doctoral) 
504 |a Bibliography: pages 293-304. 
650 0 |a Refugees  |z Sudan  |x Economic conditions. 
650 0 |a Refugees  |z Eritrea. 
650 0 |a Refugees  |z Sudan  |x Social conditions. 
999 |a MARS 
999 f f |s 4619ca06-1c42-325d-a6c0-e9e3ca93fee9  |i f47f8ffe-1df6-3095-8147-07a549ba5b5d  |t 0 
952 f f |p ric  |a Texas A&M University  |b Rellis Campus  |c Joint Library Facility  |d Remote Storage  |t 0  |e JV9025.S73 K53 1987  |h Library of Congress classification  |i unmediated -- volume  |m A14811646125 
998 f f |a JV9025.S73 K53 1987  |t 0  |l Remote Storage